000
00305nam a22001217a 4500
008
160507b xxu||||| |||| 00| 0 eng d
020
_a
9780697263049
020
_a
0697263045
041
_a
eng
080
_a
573
245
_a
Foundations in microbiology:
_c
Kathleen Talaro; Arthur Talaro;
942
_2
udc
_c
BK
999
_c
1903
_d
1903